Southville International School and Colleges
Your cart is empty.
  • Cart
  • Lists
    Public lists Eva Luna New books Lux_list list_1
    Your lists Log in to create your own lists
  • Log in to your account
  • Your cookies
  • Search history
Southville International School and Colleges
  • Advanced search
  • Recent comments
  • Most popular
  • Libraries

Log in to your account

Log in with GOOGLE


If you do not have an external account, but do have a local account, you can still log in:

  1. Home
  2. MARC view: Britannica junior encyclopedia :
Normal view MARC view ISBD view

Britannica junior encyclopedia : (Record no. 112198)

[ view plain ]
MARC details
000 -LEADER
fixed length control field 01208nam a2200469 a 4500
001 - CONTROL NUMBER
control field 3832
005 - DATE AND TIME OF LATEST TRANSACTION
control field 20140414131930.0
008 - FIXED-LENGTH DATA ELEMENTS--GENERAL INFORMATION
fixed length control field 970101s19uu xx 00 eng d
020 ## - INTERNATIONAL STANDARD BOOK NUMBER
International Standard Book Number 0-85229-320-8
050 ## - LIBRARY OF CONGRESS CALL NUMBER
Classification number REF 031
Item number B76 v.1
050 ## - LIBRARY OF CONGRESS CALL NUMBER
Classification number REF 031
Item number B76 v.2
050 ## - LIBRARY OF CONGRESS CALL NUMBER
Classification number REF 031
Item number B76 v.3
050 ## - LIBRARY OF CONGRESS CALL NUMBER
Classification number REF 031
Item number B76 v.5
050 ## - LIBRARY OF CONGRESS CALL NUMBER
Classification number REF 031
Item number B76 v.6
050 ## - LIBRARY OF CONGRESS CALL NUMBER
Classification number REF 031
Item number B76 v.7
050 ## - LIBRARY OF CONGRESS CALL NUMBER
Classification number REF 031
Item number B76 v.8
050 ## - LIBRARY OF CONGRESS CALL NUMBER
Classification number REF 031
Item number B76 v.9
050 ## - LIBRARY OF CONGRESS CALL NUMBER
Classification number REF 031
Item number B76 v.10
050 ## - LIBRARY OF CONGRESS CALL NUMBER
Classification number REF 031
Item number B76 v.11
050 ## - LIBRARY OF CONGRESS CALL NUMBER
Classification number REF 031
Item number B76 v.12
050 ## - LIBRARY OF CONGRESS CALL NUMBER
Classification number REF 031
Item number B76 v.14
050 ## - LIBRARY OF CONGRESS CALL NUMBER
Classification number REF 031
Item number B76 v.15
245 ## - TITLE STATEMENT
Title Britannica junior encyclopedia :
Remainder of title for boys and girls.
260 ## - PUBLICATION, DISTRIBUTION, ETC. (IMPRINT)
Place of publication, distribution, etc Chicago :
Name of publisher, distributor, etc Encyclopedia Britannica,
Date of publication, distribution, etc 1977.
300 ## - PHYSICAL DESCRIPTION
Extent p. ; cm.
440 ## - SERIES STATEMENT/ADDED ENTRY--TITLE
Title Britannica junior encyclopedia
500 ## - GENERAL NOTE
General note [Ready Reference index] - [15 vol.)
650 ## - SUBJECT ADDED ENTRY--TOPICAL TERM
Topical term or geographic name as entry element Encyclopedias and dictionaries.
Holdings
Withdrawn status Lost status Damaged status Use restrictions Home library Current library Shelving location Date acquired Source of acquisition Total Checkouts Full call number Barcode Date last seen Price effective from Koha item type
        Munich Library Munich Library Reference Section 03/31/2004     REF 031 B76 v.1 M3377 04/14/2014 04/14/2014 Books
        Munich Library Munich Library Reference Section 11/08/2006     REF 031 B76 v.2 M3378 04/14/2014 04/14/2014 Books
        Munich Library Munich Library Reference Section 06/07/2010     REF 031 B76 v.3 M3379 04/14/2014 04/14/2014 Books
        Munich Library Munich Library Reference Section 06/07/2010     REF 031 B76 v.5 M3380 04/14/2014 04/14/2014 Books
        Munich Library Munich Library Reference Section 06/07/2010     REF 031 B76 v.6 M3381 04/14/2014 04/14/2014 Books
        Munich Library Munich Library Reference Section 06/07/2010     REF 031 B76 v.7 M3382 04/14/2014 04/14/2014 Books
        Munich Library Munich Library Reference Section 06/07/2010     REF 031 B76 v.8 M3383 04/14/2014 04/14/2014 Books
        Munich Library Munich Library Reference Section 06/07/2010     REF 031 B76 v.9 M3384 04/14/2014 04/14/2014 Books
        Munich Library Munich Library Reference Section 06/07/2010     REF 031 B76 v.10 M3385 04/14/2014 04/14/2014 Books
        Munich Library Munich Library Reference Section 06/07/2010     REF 031 B76 v.11 M3386 04/14/2014 04/14/2014 Books
        Munich Library Munich Library Reference Section 06/07/2010     REF 031 B76 v.12 M3387 04/14/2014 04/14/2014 Books
        Munich Library Munich Library Reference Section 06/07/2010     REF 031 B76 v.14 M3388 04/14/2014 04/14/2014 Books
        Munich Library Munich Library Reference Section 06/07/2010     REF 031 B76 v.15 M3389 04/14/2014 04/14/2014 Books

Britannica junior encyclopedia :

APA

(1977). Britannica junior encyclopedia. Chicago: Encyclopedia Britannica.

Chicago

1977. Britannica junior encyclopedia. Chicago: Encyclopedia Britannica.

Harvard

(1977). Britannica junior encyclopedia. Chicago: Encyclopedia Britannica.

MLA

Britannica junior encyclopedia. Chicago: Encyclopedia Britannica. 1977.

  • Place hold
  • Print
  • Cite
  • Add to your cart (remove)
  • Save record
    BIBTEX Dublin Core MARCXML MARC (non-Unicode/MARC-8) MARC (Unicode/UTF-8) MARC (Unicode/UTF-8, Standard) MODS (XML) RIS
  • More searches
    Search for this title in:
    Other Libraries (WorldCat) Other Databases (Google Scholar) Online Stores (Bookfinder.com) Open Library (openlibrary.org)

Exporting to Dublin Core...

SOUTHVILLE LIBRARY

Southville International School and Colleges Library

1281 Tropical Ave. Cor. Luxembourg St., BF Homes International, Las Pinas City

Tel. No. 8256374 / 252358 Loc. 117/146

Powered by Koha